| 000 | 01398cam a2200349 i 4500 | ||
|---|---|---|---|
| 999 |
_c12802 _d12802 |
||
| 003 | OSt | ||
| 005 | 20240705171801.0 | ||
| 008 | 210803s2019 ko ab c l000 0 eng d | ||
| 020 |
_a9791161617312 _qpaperback |
||
| 041 | 0 |
_aeng _akor |
|
| 042 | _alccopycat | ||
| 043 | _aa-ko--- | ||
| 082 | 0 | 4 |
_a711/.4095195 _223 |
| 130 | 0 | _aSuperground underground (Seoul (Korea)) | |
| 245 | 1 | 0 |
_aSuperground underground : _bSeoul new groundscapes = Syup'ŏ kŭraundŭ ŏndŏ kŭraundŭ : Sŏul saeroun ttang ŭi p'unggyŏng / _ccurated by Young Joon Kim and Manuel Gausa. |
| 246 | 3 | 1 | _aSyup'ŏ kŭraundŭ ŏndŏ kŭraundŭ : Sŏul saeroun ttang ŭi p'unggyŏng |
| 300 |
_a386 pages : _billustrations (some color), maps (some color) ; _c26 cm |
||
| 500 | _aPresents works exhibited in May and October 2018. | ||
| 546 | _aIn English and Korean. | ||
| 650 | 0 |
_aCity planning _zKorea (South) _zSeoul _vExhibitions. |
|
| 650 | 0 |
_aUnderground architecture _zKorea (South) _zSeoul _vExhibitions. |
|
| 650 | 7 |
_aCity planning. _2fast |
|
| 650 | 7 |
_aUnderground architecture. _2fast |
|
| 651 | 7 |
_aKorea (South) _zSeoul. _2fast |
|
| 655 | 0 | 7 |
_aExhibition catalogs. _cv _2aat |
| 655 | 7 |
_aExhibition catalogs. _2fast |
|
| 700 | 1 |
_aKim, Yŏng-jun, _d1960- _eeditor. |
|
| 700 | 1 |
_aGausa, Manuel, _ecurator, _eeditor. |
|
| 730 | 0 | 2 | _aSuperground underground. |
| 730 | 0 | 2 |
_aSuperground underground. _lEnglish. |
| 942 | _2ddc | ||